000
00284nam a2200121Ia 4500
008
190216s9999||||xx |||||||||||||| ||und||
100
_a
Davav R S
245
0
_a
Law And Practice Of Banking
260
_b
Unian Bank Of Kerala
_c
1986
300
_a
868p
650
_a
Commerce
942
_c
BK
999
_c
5122
_d
5122